| 000 | 05101 a2200493 4500 | ||
|---|---|---|---|
| 008 | 090408t xxu||||| |||| 00| 0 eng d | ||
| 010 | _aENG-88969 B-281139-156 | ||
| 020 |
_c775.00 _a0195691695 |
||
| 020 |
_c775.00 _a9780195691696 |
||
| 035 | _aEN-72502 B-281139-156 | ||
| 037 | _bD.B.Act / Pub | ||
| 040 |
_adpl _bEnglish |
||
| 082 | _a340.59 | ||
| 100 | _aFyzee, Asaf A.A. | ||
| 245 |
_aOutlines of Muhammadan law / _cby Asaf A..A. Fyzee; edited and revised by Tahir Mahmood |
||
| 250 | _a5th ed | ||
| 260 |
_aNew Delhi _bOxford University Press _c2008 |
||
| 270 |
_aYMCA Library building, Jai Singh Road _bNew Delhi _e110001 |
||
| 300 |
_axvi, 414p. _c22cm. (Hb) |
||
| 700 | _aTahir Mahmood | ||
| 942 |
_adpl _cEN _2ddc _h340.59 _mFYZ |
||
| 999 |
_c9610 _d9610 |
||